Detalles MARC
| 000 -CABECERA |
| campo de control de longitud fija |
01889nam a2200289 a 4500 |
| 001 - NÚMERO DE CONTROL |
| campo de control |
000022619 |
| 003 - IDENTIFICADOR DEL NÚMERO DE CONTROL |
| campo de control |
OSt |
| 005 - FECHA Y HORA DE LA ÚLTIMA TRANSACCIÓN |
| campo de control |
20201217091210.0 |
| 007 - CAMPO FIJO DE DESCRIPCIÓN FÍSICA--INFORMACIÓN GENERAL |
| campo de control de longitud fija |
ta |
| 008 - DATOS DE LONGITUD FIJA--INFORMACIÓN GENERAL |
| campo de control de longitud fija |
101014s1991 dr c 000 0 spa d |
| 040 ## - FUENTE DE LA CATALOGACIÓN |
| Centro catalogador/agencia de origen |
DO-SdBNP |
| Lengua de catalogación |
spa |
| Centro/agencia transcriptor |
BNPHU |
| 082 ## - NÚMERO DE LA CLASIFICACIÓN DECIMAL DEWEY |
| Número de clasificación |
610.92 |
| Número de documento/Ítem |
B523L |
| 100 1# - ENTRADA PRINCIPAL--NOMBRE DE PERSONA |
| Nombre de persona |
Lebrón Anico, Rosa de |
| 9 (RLIN) |
46551 |
| 245 10 - MENCIÓN DE TÍTULO |
| Título |
Vocación y entrega : |
| Resto del título |
Doctora Consuelo Bernardino, historia de la primera ginecóloga y catedrática dominicana / |
| Mención de responsabilidad, etc. |
Rosa Lebrón de Anico. |
| 260 ## - PUBLICACIÓN, DISTRIBUCIÓN, ETC. |
| Lugar de publicación, distribución, etc. |
Santo Domingo : |
| Nombre del editor, distribuidor, etc. |
Corripio, |
| Fecha de publicación, distribución, etc. |
1991. |
| 300 ## - DESCRIPCIÓN FÍSICA |
| Extensión |
169 p. ; |
| Dimensiones |
il., retrs. |
| -- |
23 cm. |
| 500 ## - NOTA GENERAL |
| Nota general |
Incluye datos biográficos de la autora en la solapa de la cubierta. |
| 505 0# - NOTA DE CONTENIDO CON FORMATO |
| Nota de contenido con formato |
Prefacio -- |
| Título |
Pórtico -- |
| -- |
Nacimiento de Consuelo Bernardino -- |
| -- |
Surge la vocación -- |
| -- |
Estudios en la Universidad de Santo Domingo -- |
| -- |
Especialización en el extranjero -- |
| -- |
Especialización sobre el control de la natalidad (planificación familiar) -- |
| -- |
Entrega: consultorio y policlínica en Santo Domingo -- |
| -- |
Nombramiento en el hospital Padre Billini -- |
| -- |
Catedrática en la Universidad de Santo Domingo -- |
| -- |
Recuento de cinco años de labor profesional -- |
| -- |
Salida del hospital Padre Billini -- |
| -- |
Ocaso de una vida -- |
| -- |
Sepelio -- |
| -- |
Su lucha -- |
| -- |
Donaciones a la Universidad de Santo Domingo -- |
| -- |
Premio Doctora Consuelo Bernardino -- |
| -- |
Hospital Estatal del Seybo -- |
| -- |
Desaparece nombre Doctora Bernardino del panorama nacional -- |
| -- |
Opiniones de notables médicos -- |
| -- |
Calle de Santo Domingo: Doctora Consuelo Bernardino -- |
| -- |
Epílogo. |
| 590 ## - NOTA LOCAL (RLIN) |
| Nota local |
Inventariado,2018/DG |
| 600 14 - PUNTO DE ACCESO ADICIONAL DE MATERIA--NOMBRE DE PERSONA |
| Nombre de persona |
BERNARDINO EVANGELISTA, CONSUELO, |
| Fechas asociadas al nombre |
1913-1945 |
| 9 (RLIN) |
46552 |
| 650 #4 - PUNTO DE ACCESO ADICIONAL DE MATERIA--TÉRMINO DE MATERIA |
| Término de materia o nombre geográfico como elemento de entrada |
Mujeres como médicos |
| 9 (RLIN) |
18797 |
| 650 #4 - PUNTO DE ACCESO ADICIONAL DE MATERIA--TÉRMINO DE MATERIA |
| Término de materia o nombre geográfico como elemento de entrada |
Mujeres en la medicina |
| Subdivisión geográfica |
República Dominicana |
| 9 (RLIN) |
46553 |
| 650 #4 - PUNTO DE ACCESO ADICIONAL DE MATERIA--TÉRMINO DE MATERIA |
| Término de materia o nombre geográfico como elemento de entrada |
Ginecólogos |
| Subdivisión geográfica |
República Dominicana |
| 9 (RLIN) |
46554 |
| 651 #4 - PUNTO DE ACCESO ADICIONAL DE MATERIA--NOMBRE GEOGRÁFICO |
| Nombre geográfico |
República Dominicana |
| Subdivisión de forma |
BIOGRAFÍAS |
| 9 (RLIN) |
1083 |
| 910 ## - DATOS DE OPCIÓN DEL USUARIO (OCLC) |
| Datos de opción del usuario |
Validado. Control de calidad EMS |
| 942 ## - ELEMENTOS DE PUNTO DE ACCESO ADICIONAL (KOHA) |
| Fuente del sistema de clasificación o colocación |
Dewey Decimal Classification |
| Tipo de ítem Koha |
Libros y folletos |